000 00942nam a2200313 a 4500
001 000113325
003 CHAP
005 20220329144349.0
008 170607s2009 es a |r| ||1|||spa d
010 _a109786
011 _a110758
020 _a9788448168896
040 _cCHAP
082 0 4 _a590
_bP95 2009
245 0 0 _aPrincipios integrales de zoología /
_cpor Cleveland Pendleton Hickman ...[et al.].
250 _a14 ed.
260 _aMadrid :
_bMcGraw-Hill Interamericana,
_c2009.
300 _axvi, 917 p. :
_bil.
534 _aTit. original
_tIntegrated principles of zoology
590 _aE5765TAJ
_b05
_c20170607
_lUCH01
_h1123
590 _aE5765TAJ
_b05
_c20170607
_lUCH01
_h1123
590 _aE5765TAJ
_b05
_c20170607
_lUCH01
_h1125
590 _aE5765TAJ
_b05
_c20170607
_lUCH01
_h1131
650 1 4 _aZoología.
_9124151
700 1 _aHickman, Cleveland Pendleton
_9132503
901 _aBK
942 _cLIBRO
942 _n0
999 _c109786
_d109786